| 000 | 00391cam a2200121ua 4500 | ||
|---|---|---|---|
| 003 | OSt | ||
| 008 | 250222b |||||||| |||| 00| 0 eng d | ||
| 100 |
_aSharma, Arun. _95454 |
||
| 245 | _aLaboratory Manual on soil and water conservation | ||
| 260 |
_aUdaipur : _bDept.of soil &water conservation , College of Technology and Engineering, _c2004. |
||
| 700 | 1 |
_aSingh, Rajvir. _97228 |
|
| 942 | _cBK | ||
| 999 |
_c12921 _d12921 |
||